| 000 | 00999aam a2200349a 44500 | ||
|---|---|---|---|
| 008 | 930106s1989 cat | ||
| 017 | _aB-20250-1989 | ||
| 020 | _a843931129X | ||
| 041 | _acat | ||
| 080 | _a331.54(038) | ||
| 100 |
_aTorra Miró, Oleguer _965283 |
||
| 245 |
_aDiccionari de les professions _cOleguer Torra Miró (ed.) |
||
| 260 |
_aBarcelona _bGeneralitat de Catalunya. Departament de Treball. Direcció General d'Ocupació _c1989 |
||
| 300 |
_a216 p. _c24 cm |
||
| 500 | _aCategoria gramatical | ||
| 500 | _aVocabulari català-castellà: p.137. Vocabulari castellà-català: p.177 | ||
| 500 | _btermcat | ||
| 520 | _aaprox. 2.849 | ||
| 546 | _acatalà | ||
| 591 | _a2033 | ||
| 592 | _aObra terminològica | ||
| 593 | _aNZ | ||
| 593 | _aNP | ||
| 594 | _a2033 | ||
| 650 |
_aprofessions _960470 |
||
| 901 | _c<1989> | ||
| 902 | _a930106 | ||
| 942 |
_cMO _n0 _2ddc |
||
| 999 |
_c54414 _d54414 |
||